E-logistika a logistický informačný systém

E-logistika predstavuje pomocný systém riadenia fyzickej logistiky prostredníctvom informácií v celej dĺžke reťazca od dodávateľa až po finálnych zákazníkov. E-logistika napomáha znižovaniu nákladov cez maximalizáciu efektivity v procesoch obkednávok a zvyšovaniu výnosov lepšou pripravenosťou a reak...

Descrizione completa

Salvato in:
Dettagli Bibliografici
Autore principale: Hrtúsová, Džamila, 1969-
Natura: Capitolo di libro
Lingua:slovacco
Soggetti:
Tags: Aggiungi Tag
Nessun Tag, puoi essere il primo ad aggiungerne!!

MARC

LEADER 00000naa$a2200000$$$4500
001 0099297
005 20240502072108.0
041 0 |a slo 
044 |a SK 
245 1 0 |a E-logistika a logistický informačný systém  |c Džamila Hrtúsová 
520 |a E-logistika predstavuje pomocný systém riadenia fyzickej logistiky prostredníctvom informácií v celej dĺžke reťazca od dodávateľa až po finálnych zákazníkov. E-logistika napomáha znižovaniu nákladov cez maximalizáciu efektivity v procesoch obkednávok a zvyšovaniu výnosov lepšou pripravenosťou a reakciou na neočakávaný dopyt. E-logistika má vpyv aj na aktíva podniku skrátením časového cyklu objednávok a znižovaním stavu zásob. E-logistika a logistický informčný systém sa stávajú kľúčovým strategickým faktorom budovania trvalej konkurencieschopnosti podniku. 
610 2 0 |a logistika 
610 2 0 |a systémy informačné logistické 
610 2 0 |a podnik 
100 1 |a Hrtúsová, Džamila, 1969-